<?xml version="1.0" encoding="UTF-8"?>
<record
    xmlns:xsi="http://www.w3.org/2001/XMLSchema-instance"
    xsi:schemaLocation="http://www.loc.gov/MARC21/slim http://www.loc.gov/standards/marcxml/schema/MARC21slim.xsd"
    xmlns="http://www.loc.gov/MARC21/slim">

  <leader>00907nam a22001937a 4500</leader>
  <datafield tag="999" ind1=" " ind2=" ">
    <subfield code="c">63254</subfield>
    <subfield code="d">63254</subfield>
  </datafield>
  <controlfield tag="005">20250708112601.0</controlfield>
  <controlfield tag="008">250708b        xxu||||| |||| 00| 0 geo d</controlfield>
  <datafield tag="020" ind1=" " ind2=" ">
    <subfield code="a">9780534237783 x</subfield>
    <subfield code="q">0534237789 x</subfield>
  </datafield>
  <datafield tag="041" ind1=" " ind2=" ">
    <subfield code="a">eng</subfield>
  </datafield>
  <datafield tag="080" ind1=" " ind2=" ">
    <subfield code="a">577.2 W-81</subfield>
  </datafield>
  <datafield tag="100" ind1=" " ind2=" ">
    <subfield code="a"> Wolfe, Stephen L</subfield>
    <subfield code="9">25622</subfield>
  </datafield>
  <datafield tag="245" ind1=" " ind2=" ">
    <subfield code="a">An introduction to cell and molecular biology / </subfield>
    <subfield code="c">Stephen L. Wolfe.</subfield>
  </datafield>
  <datafield tag="264" ind1=" " ind2=" ">
    <subfield code="a">Belmont :</subfield>
    <subfield code="b">Wadsworth Pub. Co.</subfield>
    <subfield code="c">1995.</subfield>
  </datafield>
  <datafield tag="300" ind1=" " ind2=" ">
    <subfield code="a">xvii, 820 p. : </subfield>
    <subfield code="b"> ill. (some col.) ;</subfield>
    <subfield code="c">29 cm.</subfield>
  </datafield>
  <datafield tag="653" ind1=" " ind2=" ">
    <subfield code="a">An introduction to cell and molecular biology</subfield>
  </datafield>
  <datafield tag="653" ind1=" " ind2=" ">
    <subfield code="a">&#x10E8;&#x10D4;&#x10E1;&#x10D0;&#x10D5;&#x10D0;&#x10DA;&#x10D8; &#x10E3;&#x10EF;&#x10E0;&#x10D4;&#x10D3;&#x10E3;&#x10DA; &#x10D3;&#x10D0; &#x10DB;&#x10DD;&#x10DA;&#x10D4;&#x10D9;&#x10E3;&#x10DA;&#x10E3;&#x10E0; &#x10D1;&#x10D8;&#x10DD;&#x10DA;&#x10DD;&#x10D2;&#x10D8;&#x10D0;&#x10E8;&#x10D8;</subfield>
  </datafield>
  <datafield tag="653" ind1=" " ind2=" ">
    <subfield code="a">Aiming to remain balanced and integrated, this text offers a treatment of molecular biology, cell biology and biochemistry, and covers all of the topics in Wolfe's "Molecular and Cell Biology".</subfield>
  </datafield>
  <datafield tag="942" ind1=" " ind2=" ">
    <subfield code="2">udc</subfield>
    <subfield code="c">&#x1CAC;&#x1C98;&#x1C92;&#x1C9C;&#x1C98;</subfield>
  </datafield>
  <datafield tag="952" ind1=" " ind2=" ">
    <subfield code="0">0</subfield>
    <subfield code="1">0</subfield>
    <subfield code="2">udc</subfield>
    <subfield code="4">0</subfield>
    <subfield code="6">5772_W81</subfield>
    <subfield code="7">0</subfield>
    <subfield code="9">103650</subfield>
    <subfield code="a">CPL</subfield>
    <subfield code="b">CPL</subfield>
    <subfield code="c">GEN</subfield>
    <subfield code="d">2025-07-08</subfield>
    <subfield code="g">147.00</subfield>
    <subfield code="o">577.2 W-81</subfield>
    <subfield code="p">72076</subfield>
    <subfield code="r">2025-07-08</subfield>
    <subfield code="t">72076</subfield>
    <subfield code="w">2025-07-08</subfield>
    <subfield code="y">&#x1CAC;&#x1C98;&#x1C92;&#x1C9C;&#x1C98;</subfield>
    <subfield code="z">147 &#x10DA;.</subfield>
  </datafield>
</record>
